000 00413nam a22001697a 4500
003 NUST - PNEC
005 20170116181126.0
008 151005b xxu||||| |||| 00| 0 eng d
020 _a-
040 _cLIBRARY
082 _a891.439 AZA
100 _913677
_aAzad, Abul Kalam
245 _aMazamene azad
_cAbul Kalam Azad
260 _cc.1978
650 _913680
_aUrdu Literature
_xGeneral
942 _2ddc
_cBK
999 _c69744
_d69744